Challenging behaviour : (Record no. 5584)

MARC details
000 -LEADER
fixed length control field 01170pam a2200229 a 4500
020 ## - INTERNATIONAL STANDARD BOOK NUMBER
ISBN 0521404851 (hc)
020 ## - INTERNATIONAL STANDARD BOOK NUMBER
ISBN 052140665X (pbk.)
022 ## - INTERNATIONAL STANDARD SERIAL NUMBER
ISSN 9780521406659
050 00 - CALL NUMBER
Classification number RC451.4.M47
Item number E44
100 1# - AUTHOR
Personal name Emerson, Eric,
245 10 - TITLE
Title Challenging behaviour :
Remainder of title analysis and intervention in people with learning disabilities /
Statement of responsibility, etc Eric Emerson.
260 ## - PUBLICATION INFORMATION
Place of publication Cambridge ;
-- New York, NY, USA :
Name of publisher Cambridge University Press,
Year of publication 1995.
300 ## - DESCRIPTION
Number of Pages x, 233 p. :
Other physical details ill. ;
Dimensions 26 cm.
500 ## - NOTES
General note Includes bibliographical references and index.
505 ## - FORMATTED CONTENTS NOTE
Table of Content 1. Introduction 1<br/>2. The context of challenging behaviour 9<br/>3. Epidemiology 19 <br/>4. Models and theories 31<br/>5. The bases of intervention 67<br/>6. Approaches to assessment 79<br/>7. Behavioural approaches 117<br/>8. Psychopharmaclolgy 152<br/>9. Longer-Term management 161<br/>10. Challenges ahead 174<br/>References 187<br/>Index 227<br/>
650 #0 - SUBJECTS
Topical Term People with mental disabilities
General subdivision Mental health.
650 #0 - SUBJECTS
Topical Term People with mental disabilities
General subdivision Behavior modification.
650 12 - SUBJECTS
Topical Term Social Behavior Disorders.
650 12 - SUBJECTS
Topical Term Learning Disorders.
650 22 - SUBJECTS
Topical Term Mental Disorders.
942 ## - ADDED ENTRY ELEMENTS (KOHA)
Koha item type Books
Holdings
Withdrawn status Lost status Collection code Home library Current library Shelving location Date acquired Full call number Accession Number Koha item type
    Reference Methodist University Library Main Methodist University Library Main General Stacks 02/12/1999 RC451.4.M47 E44 17253 Books
Copyright © 2026  MUG Library